| 000 | 01346nam a2200337Ia 4500 | ||
|---|---|---|---|
| 001 | ebr10739172 | ||
| 003 | CaPaEBR | ||
| 006 | m o u | ||
| 007 | cr cn||||||||| | ||
| 008 | 130801s2013 xxk s 000 0 eng d | ||
| 020 | _z9781781908594 | ||
| 020 | _z9781781908587 | ||
| 040 |
_aCaPaEBR _cCaPaEBR |
||
| 035 | _a(OCoLC)857070540 | ||
| 050 | 1 | 4 |
_aHD58.7 _b.D44 2013eb |
| 245 | 0 | 0 |
_aDeep knowledge of B2B relationships within and across borders _h[electronic resource] / _cArch G Woodside, Roger Baxter editors. |
| 260 |
_aBradford : _bEmerald Group Publishing Limited, _c2013. |
||
| 300 | _a390 p. | ||
| 490 | 1 |
_aAdvances in Business Marketing and Purchasing ; _vv.20 |
|
| 533 |
_aElectronic reproduction. _bPalo Alto, Calif. : _cebrary, _d2013. _nAvailable via World Wide Web. _nAccess may be limited to ebrary affiliated libraries. |
||
| 650 | 0 | _aBusiness networks. | |
| 650 | 0 | _aElectronic commerce. | |
| 650 | 0 |
_aMarketing _xSocial aspects. |
|
| 650 | 0 | _aStrategic alliances (Business) | |
| 655 | 7 |
_aElectronic books. _2local |
|
| 700 | 1 | _aWoodside, Arch G. | |
| 700 | 1 | _aBaxter, Roger. | |
| 710 | 2 | _aebrary, Inc. | |
| 830 | 0 |
_aAdvances in business marketing & purchasing ; _vv. 20. |
|
| 856 | 4 | 0 |
_uhttp://site.ebrary.com/lib/rucke/Doc?id=10739172 _zAn electronic book accessible through the World Wide Web; click to view |
| 999 |
_c36417 _d36417 |
||